000
00267nam a2200097Ia 4500
001
641641
005
20250826153511.0
008
250824s9999 xx 000 0 und d
245
0
_a
ÜÇ SİLAHŞÖRLER GENÇLİK KLASİKLERİ
_c
ALEXANDRE DUMAS
260
_b
TİMAŞ ÇOCUK
999
_c
641641
_d
641641